| 000 | 00740 a2200253 4500 | ||
|---|---|---|---|
| 999 |
_c200158666 _d38703 |
||
| 001 | 200158666 | ||
| 003 | TR-AnTOB | ||
| 005 | 20231218140409.0 | ||
| 008 | 150330s2013 tu 000 0 d | ||
| 020 | _z9786051372129 | ||
| 040 |
_aTR-AnTOB ,rda _cTR-AnTOB _beng _erda |
||
| 041 | _aeng | ||
| 050 | 4 |
_aPL248.Y8 _bJ69 2013 |
|
| 090 | _aPL248.Y8 J69 2013 | ||
| 100 | 1 |
_aYunus Emre, _d-1320? _944534 |
|
| 245 | 1 | 2 |
_aA journey to the beloved / _cpoems by Yunus Emre. |
| 264 | 1 |
_aİstanbul: _bTOBB , _c2013. |
|
| 300 |
_axi, 178 pages : _billustration ; _c23 cm. |
||
| 500 | _aIncludes index. | ||
| 650 | 7 |
_aŞairler, Türk _2etuturkob _9101951 |
|
| 650 | 7 |
_aTürk şiiri _2etuturkob _984273 |
|
| 942 |
_cBK _2lcc |
||